000 00498nam a2200169 i 4500
001 24667
003 ES-MaACL
005 20230906153108.0
007 t|
008 021218s1945 sp ||||1| spa d
100 1 _aAparicio Ramos, Julián A.
_922075
245 1 3 _aLa falsedad en la letra de cambio /
_cJulián A. Aparicio Ramos.
260 _aMadrid :
_bInstituto Editorial Reus,
_c1945.
300 _aVIII, 159 p. ;
_c23 cm.
650 4 _aLetras de cambio.
_9136393
852 _aES-MaACL
_jC-3894
999 _c24667
_d24667